A Szépművészeti Múzeum és a Magyar Nemzeti Múzeum kultúraközvetítő szerepének összehasonlítása

Bibliográfiai részletek
Szerző: Kocsmár Zita Dorottya
További közreműködők: Farkas Dr. Julianna
Dokumentumtípus: Diplomadolgozat
Kulcsszavak:digitalizáció
közönségkapcsolatok
kultúraközvetítés
Magyar Nemzeti Múzeum
Szépművészeti Múzeum
Online Access:http://dolgozattar.uni-bge.hu/59556

MARC

LEADER 00000nta a2200000 i 4500
001 dolg59556
005 20260409145227.0
008 260409suuuu hu om 000 hun d
040 |a BGE Dolgozattár Repozitórium  |b hun 
041 |a hu 
100 1 |a Kocsmár Zita Dorottya 
245 1 2 |a A Szépművészeti Múzeum és a Magyar Nemzeti Múzeum kultúraközvetítő szerepének összehasonlítása  |c Kocsmár Zita Dorottya  |h [elektronikus dokumentum] 
520 3 |a A szakdolgozatom a múzeumok kultúraközvetítő szerepét vizsgálja a Szépművészeti Múzeum és a Magyar Nemzeti Múzeum példáján keresztül. A kutatás célja annak feltárása, hogy ezek az intézmények hogyan alkalmazkodnak a modern társadalmi és technológiai változásokhoz, valamint milyen módszerekkel képesek megszólítani a különböző célcsoportokat.A dolgozat interdiszciplináris megközelítést alkalmaz, ötvözve a kulturális turizmus, a múzeumpedagógia és a digitális technológiák szerepét a múzeumi élmény formálásában. A kutatás során elemzem a két intézmény kiállítási narratíváit, interaktív eszközeit, múzeumpedagógiai programjait és digitális kommunikációs stratégiáját. A módszertan többek között strukturált megfigyelést, részvételi megfigyelést, szöveg- és vizuális elemzést, interjúkat és kérdőíves adatgyűjtést foglal magában.A vizsgálat arra keres választ, hogy a múzeumok milyen stratégiákkal tudják fenntartani relevanciájukat, milyen eszközökkel növelhetik elérhetőségüket a különböző generációk és társadalmi rétegek számára, valamint hogyan közvetítik a kulturális örökséget egy élményközpontú világban. Az eredmények hozzájárulhatnak a múzeumok jövőbeli fejlődési irányainak meghatározásához és a látogatói élmény optimalizálásához 
695 |a digitalizáció 
695 |a közönségkapcsolatok 
695 |a kultúraközvetítés 
695 |a Magyar Nemzeti Múzeum 
695 |a Szépművészeti Múzeum 
700 1 |a Farkas Dr. Julianna  |e ths 
856 4 0 |u http://dolgozattar.uni-bge.hu/59556/1/Kocsm%C3%A1r_Zita_Dorottya_EQBHGI_szakdolgozat.pdf  |z Dokumentum-elérés 
856 4 0 |u http://dolgozattar.uni-bge.hu/59556/2/Kocsm%C3%A1r%20Zita%20b%C3%ADr%C3%A1lat%20Farkas.pdf  |z Dokumentum-elérés 
856 4 0 |u http://dolgozattar.uni-bge.hu/59556/3/Kocsm%C3%A1r-Zita_Dorottya_KSZ_szok%C3%A1cskinga.pdf  |z Dokumentum-elérés